<?xml version="1.0" encoding="UTF-8"?>
<collection xmlns="http://www.loc.gov/MARC21/slim">
 <record>
  <leader>00607pamaa2200181   4500</leader>
  <controlfield tag="001">0000004953</controlfield>
  <controlfield tag="005">20091111090000.0</controlfield>
  <datafield tag="020" ind1="0" ind2="0">
   <subfield code="a">0534539017 </subfield>
  </datafield>
  <datafield tag="082" ind1=" " ind2=" ">
   <subfield code="a">320.973 BAR 1998</subfield>
  </datafield>
  <datafield tag="090" ind1="0" ind2="0">
   <subfield code="a">JK274 </subfield>
   <subfield code="b">BAR 1998</subfield>
  </datafield>
  <datafield tag="100" ind1="1" ind2="0">
   <subfield code="a">Bardes </subfield>
  </datafield>
  <datafield tag="245" ind1="1" ind2="0">
   <subfield code="a">American government and politics today : </subfield>
   <subfield code="b">the essentials  </subfield>
   <subfield code="c">Barbara A. Bardes, mack C. Shelley, Steffen W. Schmidt.</subfield>
  </datafield>
  <datafield tag="250" ind1="0" ind2="0">
   <subfield code="a">1998-1999 edtion.</subfield>
  </datafield>
  <datafield tag="260" ind1="0" ind2="0">
   <subfield code="a">California: </subfield>
   <subfield code="b">West/Wadsworth Pub., </subfield>
   <subfield code="c">1998.</subfield>
  </datafield>
  <datafield tag="300" ind1=" " ind2=" ">
   <subfield code="a">xxxiv, 653p.: </subfield>
   <subfield code="b">col.ill.; </subfield>
   <subfield code="c">28cm.</subfield>
  </datafield>
  <datafield tag="650" ind1="0" ind2="0">
   <subfield code="a">United States -- </subfield>
   <subfield code="x">Politics and government </subfield>
  </datafield>
  <datafield tag="700" ind1="1" ind2="1">
   <subfield code="a">Shelley, </subfield>
   <subfield code="h">Mark C. </subfield>
  </datafield>
  <datafield tag="700" ind1="1" ind2="1">
   <subfield code="a">Schmidt, </subfield>
   <subfield code="h">Steffen W. </subfield>
  </datafield>
 </record>
</collection>
